000
00286nam a2200121Ia 4500
008
191201s2012 xx 000 0 und d
100
_a
TAYLOR, Grant
245
0
_a
English conversation practice
250
_a
Rep
260
_c
2012
_b
TMH
_a
NEW DELHI
300
_a
299
942
_2
ddc
_c
BK
_0
9
999
_c
8057
_d
8057